000 00711cam a2200229 i 4500
001 1336730
005 20180208050212.0
008 790522s1979 nyu b 011 0 eng
010 _a 79015784
020 _a0814455522 :
_c$24.95
040 _aDLC
_cDLC
_dDLC
041 _aeng
043 _an-us---
080 _a658.4 MEL
082 0 0 _a658.4 MEL
100 _a54
101 _aMAN
245 0 4 _aThe Evolving science of management :
_cedited by Melvin Zimet and Ronald G. Greenwood.
504 _aIncludes bibliographical references and index.
906 _a7
_bcbc
_corignew
_d1
_eocip
_f19
_gy-gencatlg
942 _2ddc
_cBK
999 _c42124
_d42124